| 000 | 00559nam a2200145 a 4500 | ||
|---|---|---|---|
| 001 | 000042894 | ||
| 005 | 20201002040459.0 | ||
| 008 | 140212s1989 dr b 000 0 spa d | ||
| 040 |
_aDO-SdBNP _bspa _cBNPHU |
||
| 110 | 1 |
_aRepública Dominicana _bBanco Central de la República Dominicana _bDepartamento del Fondo de Inversiones para el Desarrollo Económico _970341 |
|
| 245 | 1 | 0 | _aManual crediticio del FIDE. |
| 246 | 1 | 2 | _aManual de credito fide |
| 260 |
_aSanto Domingo : _bBanco Central de la República Dominicana, _c1989. |
||
| 300 |
_a33 p. : _bmapa ; _c28 cm. |
||
| 999 |
_c42383 _d42383 |
||